[Event "35t. Copenhagen Open (Politiken Cup)"]
[Site "Elsinore"]
[Date "2013.07.31"]
[Round "6"]
[White "Pedersen, Carl Aage"]
[Black "Henrichsen, Jens"]
[Result "0-1"]
[WhiteElo "1734"]
[BlackElo "1937"]
[PlyCount "106"]
[EventDate "2013.07.27"]
[EventType "swiss"]
[EventRounds "10"]
[EventCountry "DEN"]
[Source "ChessBase"]
[SourceDate "2013.08.26"]

1. d4 Nf6 2. c4 e6 3. Nc3 Bb4 4. e3 c5 5. Nf3 Nc6 6. Be2 b6 7. a3 Bxc3+ 8. bxc3
Ba6 9. Nd2 Rc8 10. Bb2 Na5 11. Rc1 Qc7 12. O-O O-O 13. Qa4 Ne8 14. Rfe1 Qc6 15.
Qxc6 Rxc6 16. d5 Rc8 17. Kf1 Nd6 18. dxe6 dxe6 19. Rcd1 Rfd8 20. f3 Bxc4 21.
Nxc4 Ndxc4 22. Bxc4 Nxc4 23. Bc1 Kf8 24. Ke2 Ke7 25. e4 Rxd1 26. Rxd1 Rc7 27.
Kd3 Rd7+ 28. Kc2 Rxd1 29. Kxd1 Kd6 30. Kc2 b5 31. Kb3 Na5+ 32. Kc2 c4 33. Bf4+
e5 34. Be3 a6 35. Bf2 Nb7 36. Be3 Nc5 37. Kd2 f6 38. Ke2 Nd3 39. Kd2 g5 40. g3
h5 41. h3 Ke6 42. Ke2 Kf7 43. g4 h4 44. Kd2 Ke6 45. Ke2 Kd6 46. Bd2 Nf4+ 47.
Bxf4 exf4 48. Kd2 Kc5 49. Kc2 a5 50. Kb2 b4 51. a4 Kb6 52. Kc1 bxc3 53. Kc2 Kc6
0-1

[Event "35t. Copenhagen Open (Politiken Cup)"]
[Site "Elsinore"]
[Date "2013.07.31"]
[Round "6"]
[White "Brondt, Nicolai Kvist"]
[Black "Hinrichs, Lars"]
[Result "0-1"]
[WhiteElo "2180"]
[BlackElo "1997"]
[PlyCount "88"]
[EventDate "2013.07.27"]
[EventType "swiss"]
[EventRounds "10"]
[EventCountry "DEN"]
[Source "ChessBase"]
[SourceDate "2013.08.26"]

1. d4 d5 2. Nf3 e6 3. c4 c5 4. cxd5 exd5 5. g3 Nc6 6. Bg2 Nf6 7. O-O Be7 8. Nc3
O-O 9. dxc5 Bxc5 10. Na4 Be7 11. Be3 Bf5 12. Rc1 Na5 13. Bc5 Nc4 14. Rxc4 dxc4
15. Qxd8 Bxd8 16. Bxf8 Kxf8 17. Ne5 Be4 18. Nc3 Bxg2 19. Kxg2 Rc8 20. Rd1 Be7
21. Rd4 b5 22. Nxb5 Rc5 23. Rxc4 Rxe5 24. Nc3 Bd6 25. e4 Rc5 26. Ra4 Be5 27. f4
Bxc3 28. bxc3 a5 29. e5 Nd5 30. c4 Nb6 31. Ra3 a4 32. Kf2 Rxc4 33. Ke3 Rc2 34.
Kd4 Rxh2 35. Kc5 Rb2 36. Rd3 Ke7 37. Kc6 Ke6 38. g4 Nc8 39. Kc7 Rc2+ 40. Kd8
Rc4 41. Rd7 Rxf4 42. Kxc8 Kxe5 43. Ra7 Kf6 44. Kd7 Kg5 0-1

[Event "35t. Copenhagen Open (Politiken Cup)"]
[Site "Elsinore"]
[Date "2013.07.31"]
[Round "6"]
[White "Petersen, Albert Emil Lyng"]
[Black "Kearsley, Raymond J"]
[Result "0-1"]
[WhiteElo "1533"]
[BlackElo "1764"]
[PlyCount "88"]
[EventDate "2013.07.27"]
[EventType "swiss"]
[EventRounds "10"]
[EventCountry "DEN"]
[Source "ChessBase"]
[SourceDate "2013.08.26"]

1. e4 c5 2. b3 Nc6 3. Nf3 d6 4. Bb2 Nf6 5. Nc3 g6 6. Nd5 Bg7 7. Bc4 e6 8. Bxf6
Bxf6 9. Nxf6+ Qxf6 10. c3 O-O 11. d4 Rd8 12. O-O b6 13. d5 exd5 14. Bxd5 Bb7
15. c4 Rac8 16. Qd2 Rc7 17. Qg5 Qxg5 18. Nxg5 Nd4 19. f4 Bxd5 20. exd5 Re7 21.
Rae1 Rde8 22. Rxe7 Rxe7 23. Kf2 Re2+ 24. Kg3 Rxa2 25. Re1 h6 26. Re8+ Kg7 27.
Ne4 Nf5+ 28. Kh3 Rb2 29. Rd8 Rxb3+ 30. g3 Rb4 31. Nxd6 Nxd6 32. Rxd6 Rxc4 33.
Rd7 Rd4 34. d6 Kf6 35. Rxa7 Rxd6 36. Rc7 Ke6 37. Kg4 f5+ 38. Kf3 Kd5 39. Ke3
Kc4 40. h3 b5 41. g4 Rd3+ 42. Ke2 Rxh3 43. gxf5 gxf5 44. Kd2 Rf3 0-1

[Event "35t. Copenhagen Open (Politiken Cup)"]
[Site "Elsinore"]
[Date "2013.07.31"]
[Round "6"]
[White "Petersen, Peter Birk"]
[Black "Pettersen, Joar Gullestad"]
[Result "0-1"]
[WhiteElo "2155"]
[BlackElo "1944"]
[PlyCount "118"]
[EventDate "2013.07.27"]
[EventType "swiss"]
[EventRounds "10"]
[EventCountry "DEN"]
[Source "ChessBase"]
[SourceDate "2013.08.26"]

1. e4 e5 2. Nf3 Nc6 3. Bb5 a6 4. Ba4 Nf6 5. d3 b5 6. Bb3 Bc5 7. O-O d6 8. c3 h6
9. a4 Rb8 10. Be3 Bxe3 11. fxe3 Be6 12. axb5 axb5 13. Bxe6 fxe6 14. Nbd2 O-O
15. d4 Qd7 16. Qe2 b4 17. c4 exd4 18. exd4 e5 19. d5 Nd8 20. Nh4 Nb7 21. Nb3
Qg4 22. Qxg4 Nxg4 23. h3 Rxf1+ 24. Rxf1 Nf6 25. Nf5 Kf7 26. Ng3 Ra8 27. Kf2 Ra2
28. Rb1 Nd7 29. Nc1 Ra8 30. b3 Nbc5 31. Ke3 Ra3 32. Kd2 Nf6 33. Ke3 Na4 34. Kd3
Nc5+ 35. Ke3 g5 36. Rb2 Kg6 37. Ra2 h5 38. Rxa3 bxa3 39. b4 h4 40. bxc5 hxg3
41. c6 Kf7 42. Kf3 Ke7 43. Na2 Kf7 44. Nc1 Kg6 45. Na2 Kh5 46. Nb4 Kg6 47. Na2
Kf7 48. Nb4 Ke7 49. Na2 Kd8 50. Nb4 Kc8 51. Na2 Kb8 52. Kxg3 Nxe4+ 53. Kg4 Ka7
54. Kf5 Nf6 55. Kxf6 e4 56. Nc3 Kb6 57. Kf5 e3 58. Ke4 e2 59. Nxe2 a2 0-1

[Event "35t. Copenhagen Open (Politiken Cup)"]
[Site "Elsinore"]
[Date "2013.07.31"]
[Round "6"]
[White "Philipsen, William Horup"]
[Black "Nielsen, Leo"]
[Result "0-1"]
[WhiteElo "1922"]
[BlackElo "1752"]
[PlyCount "118"]
[EventDate "2013.07.27"]
[EventType "swiss"]
[EventRounds "10"]
[EventCountry "DEN"]
[Source "ChessBase"]
[SourceDate "2013.08.26"]

1. e4 c5 2. d4 cxd4 3. c3 dxc3 4. Nxc3 a6 5. Bc4 e6 6. Nf3 b5 7. Bb3 Bb7 8. O-O
Bb4 9. Nd5 exd5 10. exd5 Bd6 11. Qd4 Qf6 12. Re1+ Ne7 13. Qe4 h6 14. Be3 O-O
15. Bc2 Qg6 16. Rac1 Qxe4 17. Bxe4 Bxd5 18. Rcd1 Bxh2+ 19. Nxh2 Bxe4 20. Bc5
Bf5 21. Bxe7 Re8 22. Nf3 Nc6 23. Bc5 Rxe1+ 24. Rxe1 Be6 25. a3 f6 26. Nd2 Ne5
27. Bd6 Nd3 28. Rb1 Bf5 29. b4 Re8 30. Kf1 Nxf2 31. Kxf2 Bxb1 32. Nxb1 Rc8 33.
Bc5 Rc6 34. Ke3 d6 35. Bd4 Kf7 36. Nc3 Ke6 37. g4 g6 38. Ne2 g5 39. Ke4 Rc2 40.
Nc3 Rg2 41. Kf3 Rh2 42. Ne4 Ra2 43. Nxf6 Rxa3+ 44. Ke4 a5 45. bxa5 Rxa5 46. Nd5
b4 47. Nxb4 Ra3 48. Nd5 Rg3 49. Ne3 Rh3 50. Bg7 h5 51. gxh5 Rxh5 52. Kf3 Rh3+
53. Ke4 d5+ 54. Kd4 Rh4+ 55. Kc5 g4 56. Kd4 g3+ 57. Kd3 Rh2 58. Bd4 g2 59. Ng4
Rh4 0-1

[Event "35t. Copenhagen Open (Politiken Cup)"]
[Site "Elsinore"]
[Date "2013.07.31"]
[Round "6"]
[White "Poulsen, Iver"]
[Black "Kristensen, Bjarke Hautop"]
[Result "0-1"]
[WhiteElo "2087"]
[BlackElo "1921"]
[PlyCount "82"]
[EventDate "2013.07.27"]
[EventType "swiss"]
[EventRounds "10"]
[EventCountry "DEN"]
[Source "ChessBase"]
[SourceDate "2013.08.26"]

1. e4 d5 2. exd5 Qxd5 3. Nc3 Qa5 4. d4 Nf6 5. Nf3 Bf5 6. Bc4 Nc6 7. Bb5 Ne4 8.
O-O Nxc3 9. Bxc6+ bxc6 10. Qd2 Bg4 11. Qxc3 Qxc3 12. bxc3 Bxf3 13. gxf3 Rb8 14.
Ba3 e6 15. Rfb1 Rb6 16. Bc5 Bxc5 17. dxc5 Rxb1+ 18. Rxb1 Kd7 19. Kf1 Kc8 20.
Rb4 Rd8 21. Ra4 Kb7 22. Rb4+ Ka8 23. Ke2 Rd5 24. Rc4 a5 25. a4 Kb7 26. h4 Kc8
27. Ke3 Kd7 28. Rd4 Ke7 29. Rxd5 cxd5 30. Kd4 c6 31. c4 dxc4 32. Kxc4 Kf6 33.
Kd4 Kf5 34. Ke3 e5 35. c4 h5 36. f4 exf4+ 37. Kd4 g5 38. hxg5 h4 39. g6 fxg6
40. f3 h3 41. Kd3 h2 0-1

[Event "35t. Copenhagen Open (Politiken Cup)"]
[Site "Elsinore"]
[Date "2013.07.31"]
[Round "6"]
[White "Rasmussen, Arne"]
[Black "Torgersen, Markus"]
[Result "1-0"]
[WhiteElo "1503"]
[BlackElo "1737"]
[PlyCount "80"]
[EventDate "2013.07.27"]
[EventType "swiss"]
[EventRounds "10"]
[EventCountry "DEN"]
[Source "ChessBase"]
[SourceDate "2013.08.26"]

1. d4 Nf6 2. Nf3 g6 3. e3 Bg7 4. Nbd2 d5 5. b3 Bg4 6. Be2 O-O 7. O-O c5 8. c3
Nfd7 9. Bb2 a6 10. Rc1 e5 11. dxe5 Nxe5 12. Nxe5 Bxe2 13. Qxe2 Bxe5 14. Nf3 Qc7
15. Nxe5 Qxe5 16. Qc2 c4 17. Ba3 Rd8 18. Bc5 Nc6 19. h3 b5 20. Bd4 Qe4 21. Qxe4
dxe4 22. b4 Nxd4 23. exd4 a5 24. a3 Rd6 25. Rfe1 f5 26. f3 axb4 27. axb4 Re8
28. fxe4 fxe4 29. Kf2 Kf7 30. Ke3 Kf6 31. Rf1+ Kg5 32. Rf4 Kh6 33. h4 g5 34.
hxg5+ Kxg5 35. Rxe4 Rxe4+ 36. Kxe4 Kg4 37. Ke5 Rd8 38. Rc2 Re8+ 39. Kd5 Kf4 40.
Kc5 Re4 1-0

[Event "35t. Copenhagen Open (Politiken Cup)"]
[Site "Elsinore"]
[Date "2013.07.31"]
[Round "6"]
[White "Rasmussen, Henning Lau"]
[Black "Preuss, Flemming"]
[Result "0-1"]
[WhiteElo "1835"]
[BlackElo "1994"]
[PlyCount "124"]
[EventDate "2013.07.27"]
[EventType "swiss"]
[EventRounds "10"]
[EventCountry "DEN"]
[Source "ChessBase"]
[SourceDate "2013.08.26"]

1. Nf3 d6 2. d4 f5 3. c4 Nf6 4. Nc3 g6 5. g3 Bg7 6. Bg2 O-O 7. O-O c6 8. Bg5
Qe8 9. Qd2 e5 10. dxe5 dxe5 11. Bh6 e4 12. Ne1 Be6 13. Bxg7 Kxg7 14. b3 Nbd7
15. f3 exf3 16. exf3 Rd8 17. Qf2 Nb6 18. Rd1 Rxd1 19. Nxd1 Qd7 20. Nb2 Qc7 21.
Ned3 Nc8 22. Re1 Re8 23. Nc5 Bf7 24. Rxe8 Nxe8 25. Qd4+ Nf6 26. Ncd3 b6 27. Qe5
Qd7 28. h3 c5 29. Kh2 g5 30. f4 h6 31. Qe3 Qd4 32. Qxd4 cxd4 33. fxg5 hxg5 34.
Ne5 Bh5 35. Nc6 Ne4 36. Nxd4 Kf6 37. Nd3 Nc3 38. a3 Bg6 39. Bf1 Nd6 40. c5 bxc5
41. Nxc5 Ke5 42. Nde6 Nde4 43. Bc4 Bf7 44. Nxe4 Nxe4 45. Nd8 Bxc4 46. bxc4 Kd4
47. Nc6+ Ke3 48. h4 f4 49. gxf4 gxf4 50. Ne5 Kd4 51. Nf3+ Kxc4 52. h5 Nf6 53.
Ne5+ Kd5 54. Nd3 Nxh5 55. Kg2 Kc4 56. Ne5+ Kb3 57. Kf3 Kxa3 58. Kg4 a5 59. Kxh5
Kb3 60. Kg4 a4 61. Kxf4 Kc3 62. Ke3 a3 0-1

[Event "35t. Copenhagen Open (Politiken Cup)"]
[Site "Elsinore"]
[Date "2013.07.31"]
[Round "6"]
[White "Rasmussen, Morten(1956)"]
[Black "Haagen Larsen, Hans"]
[Result "1/2-1/2"]
[WhiteElo "1921"]
[BlackElo "1712"]
[PlyCount "88"]
[EventDate "2013.07.27"]
[EventType "swiss"]
[EventRounds "10"]
[EventCountry "DEN"]
[Source "ChessBase"]
[SourceDate "2013.08.26"]

1. d4 d6 2. g3 g6 3. c4 Bg7 4. Bg2 Nc6 5. Nf3 e5 6. d5 Nce7 7. Nc3 f5 8. e4 Nf6
9. exf5 gxf5 10. h3 a5 11. Be3 b6 12. Qc2 O-O 13. O-O Nh5 14. Bd2 h6 15. Qd1
Nf6 16. Ne1 Ng6 17. Ne2 Ne4 18. Be3 Ng5 19. h4 Ne4 20. Bxe4 fxe4 21. Nc3 Nxh4
22. gxh4 Bh3 23. Ng2 Bxg2 24. Kxg2 Qxh4 25. Rh1 Qf6 26. Qg4 Qf3+ 27. Qxf3 exf3+
28. Kf1 Rf6 29. Ne4 Rg6 30. Rg1 Kh7 31. Rxg6 Kxg6 32. Ke1 Kf5 33. Ng3+ Kg4 34.
Kd2 Rh8 35. Rh1 h5 36. Kd3 Bf6 37. Ke4 h4 38. Nf1 Rf8 39. Nh2+ Kh5 40. Nxf3 Rg8
41. Kd3 Rg4 42. b3 e4+ 43. Ke2 exf3+ 44. Kxf3 Bg5 1/2-1/2

[Event "35t. Copenhagen Open (Politiken Cup)"]
[Site "Elsinore"]
[Date "2013.07.31"]
[Round "6"]
[White "Roggensack, Hans Peter"]
[Black "Johansen, Stian"]
[Result "0-1"]
[WhiteElo "1950"]
[BlackElo "2085"]
[PlyCount "94"]
[EventDate "2013.07.27"]
[EventType "swiss"]
[EventRounds "10"]
[EventCountry "DEN"]
[Source "ChessBase"]
[SourceDate "2013.08.26"]

1. e4 g6 2. d4 Bg7 3. Nf3 c5 4. d5 d6 5. Nc3 Bg4 6. Be2 Bxf3 7. Bxf3 Qa5 8. Bd2
b5 9. Qe2 b4 10. Qb5+ Qxb5 11. Nxb5 Kd7 12. a3 Bxb2 13. Ra2 bxa3 14. Be2 Nf6
15. f3 e6 16. c4 Na6 17. Nxa3 Bxa3 18. Rxa3 Nb4 19. Bd1 a5 20. Ba4+ Ke7 21. Ke2
Nd7 22. dxe6 fxe6 23. Bxd7 Kxd7 24. Rd1 Kc6 25. Bc3 e5 26. f4 Nc2 27. Rxa5 Nd4+
28. Kd3 Rxa5 29. Bxa5 exf4 30. Bc3 Ra8 31. Ra1 Rxa1 32. Bxa1 Ne6 33. Bf6 g5 34.
Bc3 g4 35. Bf6 h5 36. Bc3 h4 37. Bf6 f3 38. Bxh4 fxg2 39. Bf2 Nf4+ 40. Kd2 Nh3
41. Ke3 g1=Q 42. Bxg1 Nxg1 43. Kf4 Nf3 44. h3 gxh3 45. Kxf3 Kd7 46. Kg3 Ke6 47.
Kxh3 Ke5 0-1

[Event "35t. Copenhagen Open (Politiken Cup)"]
[Site "Elsinore"]
[Date "2013.07.31"]
[Round "6"]
[White "Royset, Pal"]
[Black "Argandona Riveiro, Inigo"]
[Result "0-1"]
[WhiteElo "2170"]
[BlackElo "2388"]
[PlyCount "114"]
[EventDate "2013.07.27"]
[EventType "swiss"]
[EventRounds "10"]
[EventCountry "DEN"]
[Source "ChessBase"]
[SourceDate "2013.08.26"]

1. e4 d6 2. d4 Nf6 3. Nc3 e5 4. dxe5 dxe5 5. Qxd8+ Kxd8 6. Bg5 Be6 7. O-O-O+
Nbd7 8. Nf3 Bd6 9. Nb5 Ke7 10. Nd2 h6 11. Bh4 g5 12. Bg3 Rhc8 13. f3 a6 14. Nc3
b5 15. Bf2 c6 16. h4 a5 17. a4 b4 18. Ncb1 Bc5 19. Bxc5+ Nxc5 20. b3 Rd8 21.
hxg5 hxg5 22. Nc4 Bxc4 23. Rxd8 Rxd8 24. Bxc4 Nb7 25. Nd2 Nd6 26. Bd3 Rg8 27.
Kd1 Nd7 28. Nf1 Nf8 29. Ne3 Ng6 30. Ke2 Kf6 31. Bc4 Ke7 32. Kf2 Nf8 33. Rh6 Rg6
34. Rh8 Rg7 35. Kg3 Rh7 36. Rxh7 Nxh7 37. Kg4 Kf6 38. Kh5 Kg7 39. Ng4 f6 40.
Ne3 Nf8 41. g3 Nd7 42. Be6 Nb6 43. Kg4 Kf8 44. Nf5 Nxf5 45. Kxf5 Ke7 46. Bg8
Nc8 47. Kg6 Nd6 48. Bc4 g4 49. Be2 c5 50. Kh5 gxf3 51. Bxf3 c4 52. g4 c3 53. g5
fxg5 54. Kxg5 Nc4 55. Be2 Nd2 56. Bd1 Kd6 57. Kf5 Nf1 0-1

[Event "35t. Copenhagen Open (Politiken Cup)"]
[Site "Elsinore"]
[Date "2013.07.31"]
[Round "6"]
[White "Satre, Roger"]
[Black "Willumsen, Henrik"]
[Result "0-1"]
[WhiteElo "1833"]
[BlackElo "2127"]
[PlyCount "64"]
[EventDate "2013.07.27"]
[EventType "swiss"]
[EventRounds "10"]
[EventCountry "DEN"]
[Source "ChessBase"]
[SourceDate "2013.08.26"]

1. e4 e6 2. d4 d5 3. Nd2 Nf6 4. e5 Nfd7 5. Bd3 c5 6. c3 Nc6 7. Ne2 cxd4 8. cxd4
f6 9. exf6 Nxf6 10. Nf3 Bd6 11. O-O Qc7 12. g3 O-O 13. Bf4 Ne4 14. Kg2 Bxf4 15.
Nxf4 g5 16. Bxe4 gxf4 17. Bd3 e5 18. dxe5 Nxe5 19. Rc1 Qg7 20. Nxe5 Qxe5 21.
Re1 Qg7 22. Be2 d4 23. Bf3 Bf5 24. Qb3+ Kh8 25. Qxb7 Qh6 26. g4 d3 27. Rc5 d2
28. Rd1 Bxg4 29. Bxg4 f3+ 30. Bxf3 Rg8+ 31. Kf1 Rae8 32. Qb4 Qh3+ 0-1

[Event "35t. Copenhagen Open (Politiken Cup)"]
[Site "Elsinore"]
[Date "2013.07.31"]
[Round "6"]
[White "Schou Moldt, Thomas"]
[Black "Jensen, Soren Holm"]
[Result "1-0"]
[WhiteElo "2202"]
[BlackElo "2004"]
[PlyCount "73"]
[EventDate "2013.07.27"]
[EventType "swiss"]
[EventRounds "10"]
[EventCountry "DEN"]
[Source "ChessBase"]
[SourceDate "2013.08.26"]

1. e4 e5 2. Bc4 Nf6 3. Nc3 Nc6 4. d3 Na5 5. Nge2 Nxc4 6. dxc4 d6 7. Qd3 Be7 8.
O-O O-O 9. Ng3 c6 10. b3 Qc7 11. Kh1 Be6 12. f4 Rad8 13. f5 Bc8 14. Bb2 b6 15.
Qe2 Ba6 16. b4 d5 17. b5 d4 18. bxa6 dxc3 19. Bxc3 Rd7 20. Rab1 Rfd8 21. Qf3
Bc5 22. Ne2 Re8 23. g4 h6 24. h4 Nh7 25. Kg2 f6 26. Rh1 Red8 27. Ng3 Qd6 28.
Ne2 Qc7 29. Nc1 Qc8 30. Nb3 Bd4 31. Bb4 Qxa6 32. Qe2 Qxa2 33. Rhd1 a5 34. Be1
a4 35. Nxd4 Rxd4 36. Ra1 Qb2 37. Rdb1 1-0

[Event "35t. Copenhagen Open (Politiken Cup)"]
[Site "Elsinore"]
[Date "2013.07.31"]
[Round "6"]
[White "Skovgaard, Tom"]
[Black "Hansen, Victor"]
[Result "0-1"]
[WhiteElo "1962"]
[BlackElo "2089"]
[PlyCount "54"]
[EventDate "2013.07.27"]
[EventType "swiss"]
[EventRounds "10"]
[EventCountry "DEN"]
[Source "ChessBase"]
[SourceDate "2013.08.26"]

1. e4 c6 2. d4 d5 3. Nc3 dxe4 4. Nxe4 Bf5 5. Nc5 Qb6 6. Nb3 Nf6 7. Nf3 Nbd7 8.
Bd3 Bg4 9. h3 Bh5 10. O-O e6 11. c4 Be7 12. Be2 O-O 13. Ne5 Nxe5 14. dxe5 Rad8
15. Bd2 Ne4 16. Bxh5 Nxd2 17. Nxd2 Qxb2 18. Qa4 Rxd2 19. Qxa7 Qxe5 20. Qxb7 Bd6
21. f4 Qxh5 22. Qxc6 Rb8 23. Rab1 Rxb1 24. Qe8+ Bf8 25. Rxb1 Rd1+ 26. Rxd1
Qxd1+ 27. Kh2 Qd4 0-1

[Event "35t. Copenhagen Open (Politiken Cup)"]
[Site "Elsinore"]
[Date "2013.07.31"]
[Round "6"]
[White "Sorensen, Dick"]
[Black "Kistrup, Nicolai"]
[Result "1/2-1/2"]
[WhiteElo "2000"]
[BlackElo "1623"]
[PlyCount "55"]
[EventDate "2013.07.27"]
[EventType "swiss"]
[EventRounds "10"]
[EventCountry "DEN"]
[Source "ChessBase"]
[SourceDate "2013.08.26"]

1. d4 Nf6 2. Nf3 g6 3. b3 Bg7 4. Bb2 O-O 5. e3 b6 6. Nbd2 Bb7 7. Bd3 d6 8. O-O
Nbd7 9. c4 Re8 10. Rc1 e5 11. Bb1 e4 12. Ne1 d5 13. f4 exf3 14. Qxf3 Rb8 15.
cxd5 Bxd5 16. e4 Bb7 17. Qf4 Nf8 18. d5 N8d7 19. Nef3 Nh5 20. Qxc7 Bxb2 21.
Qxd8 Rexd8 22. Rc7 Nhf6 23. Nc4 Ne8 24. Rxd7 Rxd7 25. Nxb2 f5 26. exf5 Bxd5 27.
fxg6 hxg6 28. Bxg6 1/2-1/2

[Event "35t. Copenhagen Open (Politiken Cup)"]
[Site "Elsinore"]
[Date "2013.07.31"]
[Round "6"]
[White "Spanton, Timothy"]
[Black "Riis, Jens"]
[Result "1-0"]
[WhiteElo "2015"]
[BlackElo "2174"]
[PlyCount "51"]
[EventDate "2013.07.27"]
[EventType "swiss"]
[EventRounds "10"]
[EventCountry "DEN"]
[Source "ChessBase"]
[SourceDate "2013.08.26"]

1. d4 Nf6 2. Nc3 d5 3. Bg5 c6 4. e3 Bf5 5. Bd3 Bxd3 6. Qxd3 Nbd7 7. Nf3 Qa5 8.
O-O e6 9. e4 dxe4 10. Nxe4 Be7 11. Nxf6+ Bxf6 12. Bxf6 gxf6 13. Rfe1 O-O-O 14.
a4 Nb6 15. c3 Qh5 16. a5 Nd5 17. a6 b6 18. c4 Ne7 19. b4 Rhg8 20. b5 cxb5 21.
Qe4 Nd5 22. cxd5 Rxd5 23. Rac1+ Kd7 24. Qf4 Qg4 25. Rc7+ Kd8 26. Qxg4 1-0

[Event "35t. Copenhagen Open (Politiken Cup)"]
[Site "Elsinore"]
[Date "2013.07.31"]
[Round "6"]
[White "Standal, Bard"]
[Black "Skjoldager, Flemming"]
[Result "0-1"]
[WhiteElo "1807"]
[BlackElo "1979"]
[PlyCount "46"]
[EventDate "2013.07.27"]
[EventType "swiss"]
[EventRounds "10"]
[EventCountry "DEN"]
[Source "ChessBase"]
[SourceDate "2013.08.26"]

1. Nf3 d5 2. d3 g6 3. Nbd2 Bg7 4. e4 dxe4 5. dxe4 Nd7 6. g3 Ngf6 7. Bg2 O-O 8.
O-O Ng4 9. h3 Nge5 10. Nxe5 Nxe5 11. f4 Qd4+ 12. Kh1 Nc4 13. Nxc4 Qxc4 14. c3
Be6 15. Re1 Rfd8 16. Qc2 Rd7 17. Be3 Rad8 18. Bf1 Qc6 19. Kh2 Bc4 20. Bxc4 Qxc4
21. e5 b6 22. b3 Qc6 23. Bd4 Rxd4 0-1

[Event "35t. Copenhagen Open (Politiken Cup)"]
[Site "Elsinore"]
[Date "2013.07.31"]
[Round "6"]
[White "Starup, Leo"]
[Black "Jacobsen, Mikkel Manosri"]
[Result "0-1"]
[WhiteElo "1686"]
[BlackElo "1928"]
[PlyCount "60"]
[EventDate "2013.07.27"]
[EventType "swiss"]
[EventRounds "10"]
[EventCountry "DEN"]
[Source "ChessBase"]
[SourceDate "2013.08.26"]

1. e4 c6 2. d4 d5 3. Nc3 dxe4 4. Nxe4 Bf5 5. Ng3 Bg6 6. Nf3 Nd7 7. Bd3 e6 8.
O-O Bd6 9. Ne4 Bxe4 10. Bxe4 Ngf6 11. Bd3 Qc7 12. Re1 O-O-O 13. h3 h6 14. c3 g5
15. g4 Nd5 16. c4 Nf4 17. Bxf4 Bxf4 18. c5 h5 19. Bf1 hxg4 20. hxg4 Nf6 21. Bg2
Nxg4 22. Qc2 Nf6 23. Rad1 Nd5 24. Ne5 Rh4 25. Qa4 Bxe5 26. Rxe5 Qxe5 27. Qxa7
Qb8 28. Qa3 Qh2+ 29. Kf1 Nf4 30. Bf3 Qh1+ 0-1

[Event "35t. Copenhagen Open (Politiken Cup)"]
[Site "Elsinore"]
[Date "2013.07.31"]
[Round "6"]
[White "Strachan, Christian C"]
[Black "Jacobsen, Caroline Beer"]
[Result "0-1"]
[WhiteElo "1873"]
[BlackElo "1585"]
[PlyCount "64"]
[EventDate "2013.07.27"]
[EventType "swiss"]
[EventRounds "10"]
[EventCountry "DEN"]
[Source "ChessBase"]
[SourceDate "2013.08.26"]

1. e4 e5 2. Nf3 Nc6 3. Bc4 Bc5 4. c3 Nf6 5. d3 d6 6. b4 Bb6 7. a4 a6 8. O-O O-O
9. Bg5 h6 10. Bh4 Bg4 11. h3 Bh5 12. Nbd2 Nb8 13. a5 Ba7 14. Qc2 Nbd7 15. Rfe1
c6 16. d4 exd4 17. cxd4 g5 18. Bg3 d5 19. exd5 cxd5 20. Bd3 Rc8 21. Qb2 Bg6 22.
Bxg6 fxg6 23. b5 g4 24. Nh4 Kh7 25. Qb1 Rg8 26. bxa6 bxa6 27. Qd3 Rc6 28. hxg4
Nxg4 29. Ndf3 Bb8 30. Bxb8 Qxb8 31. Re7+ Rg7 32. Qxg6+ Rcxg6 0-1

[Event "35t. Copenhagen Open (Politiken Cup)"]
[Site "Elsinore"]
[Date "2013.07.31"]
[Round "6"]
[White "Suntharalingam, Jarani"]
[Black "Thybo, Jan"]
[Result "1-0"]
[WhiteElo "1644"]
[BlackElo "1303"]
[PlyCount "71"]
[EventDate "2013.07.27"]
[EventType "swiss"]
[EventRounds "10"]
[EventCountry "DEN"]
[Source "ChessBase"]
[SourceDate "2013.08.26"]

1. e4 d6 2. d4 g6 3. Nf3 Bg7 4. Nc3 Nf6 5. h3 O-O 6. Be3 Nc6 7. Qd2 e5 8. d5
Ne7 9. Bh6 Nh5 10. g3 f5 11. exf5 Nxf5 12. Bxg7 Nfxg7 13. Be2 Bd7 14. Ne4 Qc8
15. Nfg5 c6 16. Nxd6 Qc7 17. dxc6 Bxc6 18. Bc4+ Kh8 19. Ngf7+ Kg8 20. Nxe5+ Rf7
21. Bxf7+ Kf8 22. Qb4 Qe7 23. f4 Rd8 24. O-O-O Bxh1 25. Rxh1 Rxd6 26. Qc3 Nf6
27. Re1 Ne6 28. Qc8+ Kg7 29. g4 Rd8 30. Qxe6 Qxe6 31. Bxe6 Nd5 32. Rd1 Kf6 33.
Bxd5 h5 34. gxh5 gxh5 35. Bxb7 Rb8 36. Nd7+ 1-0

[Event "35t. Copenhagen Open (Politiken Cup)"]
[Site "Elsinore"]
[Date "2013.07.31"]
[Round "6"]
[White "Svendsen, Petter"]
[Black "Thybo, Jesper Sondergaard"]
[Result "0-1"]
[WhiteElo "1974"]
[BlackElo "2097"]
[PlyCount "60"]
[EventDate "2013.07.27"]
[EventType "swiss"]
[EventRounds "10"]
[EventCountry "DEN"]
[Source "ChessBase"]
[SourceDate "2013.08.26"]

1. d4 Nf6 2. c4 g6 3. Nc3 Bg7 4. e4 d6 5. Bg5 O-O 6. f4 c5 7. d5 b5 8. cxb5 a6
9. Qd2 axb5 10. Bxb5 Qb6 11. Be2 Ba6 12. h3 Nbd7 13. Rc1 Rfb8 14. b3 Qb4 15.
Bf3 c4 16. bxc4 Nc5 17. e5 dxe5 18. fxe5 Nfd7 19. Nge2 Nxe5 20. O-O Ncd3 21.
Rb1 Qc5+ 22. Kh1 Bxc4 23. Ne4 Nxf3 24. gxf3 Qxd5 25. Bxe7 Qe6 26. Rxb8+ Rxb8
27. Qg5 Qxh3+ 28. Kg1 Bh6 29. Nf6+ Kh8 30. Qg3 Be3+ 0-1

[Event "35t. Copenhagen Open (Politiken Cup)"]
[Site "Elsinore"]
[Date "2013.07.31"]
[Round "6"]
[White "Tandrup, Michael"]
[Black "Haubro, Martin"]
[Result "0-1"]
[WhiteElo "2018"]
[BlackElo "2201"]
[PlyCount "64"]
[EventDate "2013.07.27"]
[EventType "swiss"]
[EventRounds "10"]
[EventCountry "DEN"]
[Source "ChessBase"]
[SourceDate "2013.08.26"]

1. d4 Nf6 2. c4 c5 3. d5 e6 4. Nc3 exd5 5. cxd5 d6 6. g3 g6 7. Bg2 Bg7 8. Nf3
O-O 9. O-O Re8 10. Nd2 a6 11. a4 Nbd7 12. Nc4 Ne5 13. Na3 Rb8 14. f4 Neg4 15.
e4 h5 16. h3 h4 17. Bf3 hxg3 18. hxg4 Nxg4 19. Kg2 Nf2 20. Rxf2 gxf2 21. Be3 b5
22. axb5 axb5 23. Naxb5 Bxc3 24. Nxc3 Rxb2 25. Rb1 Qh4 26. f5 Bxf5 27. exf5
Rxb1 28. Qxb1 Rxe3 29. Ne2 g5 30. Ng3 g4 31. Qb8+ Kh7 32. Qf8 Qh3+ 0-1

[Event "35t. Copenhagen Open (Politiken Cup)"]
[Site "Elsinore"]
[Date "2013.07.31"]
[Round "6"]
[White "Teplyi, Igor"]
[Black "Molvig, Henrik"]
[Result "1/2-1/2"]
[WhiteElo "2409"]
[BlackElo "2167"]
[PlyCount "78"]
[EventDate "2013.07.27"]
[EventType "swiss"]
[EventRounds "10"]
[EventCountry "DEN"]
[Source "ChessBase"]
[SourceDate "2013.08.26"]

1. d4 Nf6 2. c4 g6 3. Nc3 Bg7 4. e4 d6 5. Nf3 O-O 6. h3 e5 7. d5 c5 8. Bg5 Na6
9. Qd2 Nc7 10. Bd3 Bd7 11. Nh2 a6 12. Ng4 b5 13. b3 bxc4 14. bxc4 Nce8 15. Rb1
Rb8 16. O-O Qc7 17. Ne3 h6 18. Bh4 g5 19. Bg3 Nh5 20. Be2 Nef6 21. Bh2 Nf4 22.
Bg4 Qa5 23. Kh1 Nxg4 24. hxg4 Ne2 25. Qxe2 Qxc3 26. Rfc1 Qa3 27. Qc2 Ba4 28.
Qd2 Bd7 29. Bg1 Rfc8 30. Qc2 Bf8 31. f3 Rb4 32. Rb3 Rxb3 33. axb3 Rb8 34. Rb1
a5 35. Qd1 Qb4 36. Nc2 Qc3 37. Na1 a4 38. Rc1 Qb4 39. bxa4 Bxa4 1/2-1/2